Statistics for ALW's Phantom of the Opera - Main Theme - Missing Lyrics

Click here to take the quiz!

General Stats

  • This quiz has been taken 511 times
    (509 since last reset)
  • The average score is 34 of 40

Answer Stats

CharacterLineMissing Lyric% Correct
Inside my ____Mind
99%
The Phantom of the _____ is thereOpera
99%
Inside your/my ____Mind
97%
Inside your ____Mind
97%
The Phantom of the _____ is there/hereOpera
97%
The Phantom of the _____ is thereOpera
97%
My _____ over youPower
97%
ChristineThose who have ____ your faceSeen
97%
Phantom____ once again with meSing
97%
Grows _______ yetStronger
97%
Draw back in ____Fear
96%
In ______ he cameDreams
95%
I am the ____ you wearMask
95%
That _____ which calls to meVoice
95%
And do I dream _____Again
94%
PhantomIt's me they ____Hear
94%
Our _______ duetStrange
94%
Christine/PhantomYour/My spirit and My/Your _____Voice
94%
ChristineIn _____ he sang to meSleep
93%
And ______ my nameSpeaks
92%
To glance ______Behind
91%
In one ________Combined
91%
Inside your/my ____Mind
91%
The Phantom of the _____ is there/hereOpera
91%
For now I ____Find
90%
And though you ____ from meTurn
90%
PhantomIn all your ________Fantasies
82%
You always ____Knew
80%
That ___ and mysteryMan
79%
ChristineWere both in ___You
79%
Since the moment I first heard you ____Sing
75%
Christine/PhantomAnd in this _________Labyrinth
73%
Where night is _____Blind
72%
PhantomI have _______ youBrought
71%
You have ____ hereCome
70%
For my _____, my _____Music
66%
For one _______ and one alonePurpose
65%
To this kingdom where all must pay ______ to music, musicHomage
62%
To the seat of sweet music's ______Throne
56%
I have needed you with me to _____ me, to singServe
50%

Score Distribution

Percentile by Number Answered

Percent of People with Each Score

Your Score History

You have not taken this quiz since the last reset